00441nam a22001577a 4500003000400000005001700004008004100021020001500062040000900077100002200086245007200108260003200180300001100212490002000223600004000243OSt20130515122512.0130515s1995 sp ||||| |||| 00| 0 cat d a848879116X cCDMR1 aLuján, Nèstor13aEl pont estret dels anys 50b: memòria personalcNèstor Luján aBarcelonabLa Campanac1995 a187 p.0 aLa Campanav1031 aLuján, NèstorvRecull d'escrits